[Event "Vsetin op"]
[Site "Vsetin"]
[Date "1997.??.??"]
[Round "?"]
[White "Veselsky, Frantisek"]
[Black "Parak, D."]
[Result "1-0"]
[WhiteElo "2015"]
[BlackElo "1920"]

1.d4 Nf6 2.Bg5 g6 3.Nc3 Bg7 4.e4 d6 5.Qd2 O-O 6.f3 c6 7.g4 e5 8.Nge2 Nbd7
9.O-O-O Qb6 10.h4 exd4 11.Nxd4 Ne5 12.Be2 Qc7 13.h5 Ne8 14.Bh6 a6 15.Rdg1 Qe7
16.Bxg7 Nxg7 17.f4 Nd7 18.g5 Nc5 19.Bf3 Bd7 20.Qh2 Nge6 21.Nde2 a5 22.Rg4 Rfe8
23.hxg6 fxg6 24.Rh4 Nf8 25.Ng3 Rad8 26.Kb1 Nce6 27.Bg4 Ng7 28.f5 Qxg5 29.Rg1 Qf6
30.fxg6 Bxg4 31.gxh7+ Kh8 32.Rxg4 Re7 33.Nf5 Rdd7 34.Nxe7 Rxe7 35.Rf4  1-0

[Event "Wuerzburg op"]
[Site "Wuerzburg"]
[Date "1997.??.??"]
[Round "7"]
[White "Hertneck, Gerald"]
[Black "Bruns, Michael"]
[Result "1-0"]
[WhiteElo "2565"]
[BlackElo "2120"]

1.d4 Nf6 2.Bg5 d5 3.e3 Nbd7 4.Nd2 e6 5.c3 Be7 6.Ngf3 b6 7.Bd3 Bb7 8.Qb1 c5
9.b4 cxb4 10.cxb4 Ne4 11.Nxe4 dxe4 12.Bxe4 Bxe4 13.Qxe4 Bxb4+ 14.Kf1 Be7
15.Bxe7 Kxe7 16.Rc1 Rc8 17.Ke2 Nf6 18.Qb7+ Qd7 19.Qa6 Nd5 20.Ne5 Nc7 21.Qa3+ Qd6
22.Qxd6+ Kxd6 23.Rc6+ Kd5 24.Kd3  1-0

[Event "Zillertal op"]
[Site "Zillertal"]
[Date "1997.??.??"]
[Round "3"]
[White "Schueler, Arthur"]
[Black "Kaminik, Aleksandar"]
[Result "0-1"]
[WhiteElo "1945"]
[BlackElo "2250"]

1.d4 Nf6 2.Bg5 g6 3.Bxf6 exf6 4.e3 Bg7 5.Bc4 O-O 6.Nd2 b6 7.Ne2 Bb7 8.Kf1 Nc6
9.a3 Ne7 10.Nf4 d5 11.Bd3 c5 12.c3 Qd7 13.h4 Bh6 14.Qf3 Qd6 15.h5 g5 16.Ng6 fxg6
17.hxg6 hxg6 18.Rxh6 Kg7 19.Rh1 Rh8 20.Ke2 Nc6 21.Rag1 Rae8 22.Rxh8 Rxh8
23.g3 Bc8 24.g4 Rh4 25.Nf1 Qe6 26.Kd2 Ne7 27.Qg3 Rxg4 28.Qxg4 Qxg4 29.Rxg4 Bxg4
30.Nh2 Be6 31.Ke2 Nc6 32.b4 a5 33.b5 Ne7 34.Nf1 Nc8 35.Nd2 f5 36.Nb1 cxd4
37.cxd4 g4 38.Nc3 Kf7 39.Na4  0-1

[Event "Zagreb op"]
[Site "Zagreb"]
[Date "1998.01.07"]
[Round "5"]
[White "Draganic, Stjepan"]
[Black "Jadrijevic, Ante"]
[Result "1-0"]
[WhiteElo "2165"]
[BlackElo "2330"]

1.d4 Nf6 2.Bg5 c5 3.d5 Qb6 4.Bxf6 gxf6 5.Qc1 f5 6.c3 Bg7 7.Na3 Na6 8.Nc4 Qg6
9.Nf3 b5 10.Nce5 Qd6 11.Qf4 Qxd5 12.Qxf5 d6 13.e4 Qxe5 14.Bxb5+ Kf8 15.Qxc8+ Rxc8
16.Nxe5 Nc7 17.Nd7+ Kg8 18.Ba4 h5 19.O-O h4 20.f4 Kh7 21.Rad1 Rhg8 22.Rf3 Bh6
23.e5 Ne8 24.exd6 exd6 25.Rd5 Rg4 26.Rxd6 Bxf4 27.Nf6+ Nxf6 28.Rxf6 Bxh2+
29.Kxh2 Rxa4 30.Rxf7+ Kg8 31.R7f4 Rxa2 32.Rg4+ Kh7 33.Rxh4+ Kg6 34.Rg4+ Kh5
35.Kg3 Rxb2 36.Rf5+ Kh6 37.Rf1  1-0

[Event "Zagreb op"]
[Site "Zagreb"]
[Date "1998.01.09"]
[Round "7"]
[White "Vidovic, Sasa"]
[Black "Lazovic, Gordan"]
[Result "0-1"]
[WhiteElo "2225"]
[BlackElo "2305"]

1.d4 d5 2.Bg5 Nf6 3.Bxf6 gxf6 4.e3 c5 5.Nc3 e6 6.Qh5 Nc6 7.O-O-O cxd4 8.exd4 Bb4
9.Nce2 Bd7 10.c3 Bd6 11.Nh3 b5 12.Nef4 b4 13.c4 Qc7 14.g3 O-O-O 15.Kb1 Qa5
16.cxd5 b3 17.a3 exd5 18.Qxd5 Bf5+ 19.Ka1 Qxd5 20.Nxd5 Be4 21.Bc4 Nxd4 22.Rxd4 Bxh1
23.Bxb3 Be5 24.Rd1 Bf3 25.Rc1+ Kb8 26.Nhf4 Rd7 27.Re1 Rhd8 28.Ne3 Rd2 29.Nc4 Bxf4
30.gxf4 Rxf2 31.h4 Be2 32.Na5 Rd2 33.Bxf7 Rd1+ 34.Rxd1 Bxd1  0-1

[Event "Zagreb op"]
[Site "Zagreb"]
[Date "1998.01.11"]
[Round "9"]
[White "Brumen, Dinko"]
[Black "Sitnik, Igor"]
[Result "1/2-1/2"]
[WhiteElo "2385"]
[BlackElo "2255"]

1.d4 d5 2.Bg5 Nf6 3.e3 e6 4.Bd3 Be7 5.Nf3 Nbd7 6.Nbd2 c5 7.c3 O-O 8.Qe2 b6
9.h3 Bb7 10.O-O a6 11.Rfd1 b5 12.Bf4 c4 13.Bc2 b4 14.cxb4 Bxb4 15.e4 dxe4
16.Nxe4 Bxe4 17.Bxe4 Nxe4 18.Qxe4 Nf6 19.Qc6 Qd5 20.Qa4 Qb5 21.Qc2 Nd5 22.Ng5 g6
23.Bd2 Be7 24.Ne4 Nb4 25.Bxb4 Qxb4 26.d5 exd5 27.Rxd5 Rab8 28.Rd7 Rfe8 29.Rad1 f5
30.Nd2 Rec8 31.Nf3 Bf6 32.Qc1 Qxb2 33.Qe3 Re8 34.Qh6 Bg7 35.Qh4 Qc3 36.Ng5 h5
37.Nf3 Rbc8 38.Qg3 Qf6 39.R1d6 Re6 40.Rxe6 Qxe6 41.Rd6 Qf7 42.Rxg6 c3 43.Ne5 Qb7
44.Qe3 c2 45.Nd3 Kh7 46.Rg5 Qf7 47.Qf4 Bh6 48.Rxf5 c1=Q+ 49.Nxc1 Rxc1+ 50.Qxc1 Qxf5
51.Qf1 a5 52.Qd1 Bg7 53.a4 Bf6 54.g4 hxg4 55.hxg4 Qe4 56.f3 Qd4+ 57.Qxd4 Bxd4+
58.Kf1 Kg6 59.Ke2 Kg5 60.Kd3  1/2-1/2

[Event "Excelsior Cup"]
[Site "Gothenburg"]
[Date "1998.01.14"]
[Round "8"]
[White "Ziegler, Ari"]
[Black "Akesson, Ralf"]
[Result "0-1"]
[WhiteElo "2440"]
[BlackElo "2520"]

1.d4 Nf6 2.Bg5 d5 3.Bxf6 exf6 4.e3 Bd6 5.g3 O-O 6.Bg2 Re8 7.Ne2 c6 8.O-O Nd7
9.b3 f5 10.c4 dxc4 11.bxc4 c5 12.Nbc3 Nf6 13.Rb1 Qe7 14.Qc2 Ne4 15.Nd5 Qe6
16.dxc5 Nxc5 17.Nd4 Qg6 18.Nb5 Rd8 19.Rfd1 Bf8 20.Ndc7 Rxd1+ 21.Qxd1 Rb8
22.Nxa7 f4 23.Nc6 Bg4 24.Qc1 Nd3 25.Qc2 Rc8 26.Rxb7 f3 27.Na7 Rxc7 28.Rxc7 fxg2
29.Nb5 Bc5 30.Rb7 h5 31.Rb8+ Kh7 32.Rd8 Ne1 33.Qxg6+ Kxg6 34.Nd4 Bh3 35.f4 Bxd4  0-1

[Event "CZE-chT 9798"]
[Site "CZE"]
[Date "1998.01.17"]
[Round "5"]
[White "Konopka, Michal"]
[Black "Nun, Jiri"]
[Result "1/2-1/2"]
[WhiteElo "2445"]
[BlackElo "2375"]

1.d4 Nf6 2.Bg5 c5 3.Bxf6 gxf6 4.d5 f5 5.c3 e5 6.dxe6 dxe6 7.Qxd8+ Kxd8 8.Nf3 Bd6
9.Nbd2 Ke7 10.e4 fxe4 11.Nxe4  1/2-1/2

[Event "CZE-chT 9798"]
[Site "CZE"]
[Date "1998.01.17"]
[Round "5"]
[White "Cech, Pavel"]
[Black "Pekarek, Ales"]
[Result "1/2-1/2"]
[WhiteElo "2360"]
[BlackElo "2420"]

1.d4 Nf6 2.Bg5 d5 3.Nc3 g6 4.Qd2 Bg7 5.Bh6 Bxh6 6.Qxh6 Bf5 7.O-O-O c6 8.e3 Qa5
9.Bd3 Nbd7 10.Kb1 O-O-O 11.Nge2 Rdg8 12.f3 Bxd3 13.cxd3 g5 14.Qh3 h5 15.Qg3 Ne8
16.Qf2  1/2-1/2

[Event "BCF-chT 97/98 (4NCL)"]
[Site "GBR"]
[Date "1998.01.25"]
[Round "6"]
[White "Dishman, Stephen"]
[Black "Anderton, David W"]
[Result "1-0"]
[WhiteElo "2325"]
[BlackElo "2200"]

1.d4 Nf6 2.Bg5 c5 3.Bxf6 gxf6 4.dxc5 Qa5+ 5.Nd2 Qxc5 6.g3 Bg7 7.Bg2 f5 8.c3 Nc6
9.Nh3 e5 10.e4 f4 11.Qh5 fxg3 12.hxg3 h6 13.Nf4 Ne7 14.O-O b6 15.Nd5 Nxd5
16.exd5 d6 17.Ne4 Qc7 18.f4 Ba6 19.Rfe1 O-O-O 20.f5 f6 21.c4 Kb8 22.Rec1 Bc8
23.a4 Bd7 24.b4 Be8 25.Qf3 h5 26.a5 Bh6 27.Rc3 Bg5 28.axb6 axb6 29.c5 Rh7
30.Rca3 Qb7 31.c6 Bxc6 32.dxc6 Qxc6 33.Nxg5  1-0

[Event "BCF-chT 97/98 (4NCL)"]
[Site "GBR"]
[Date "1998.01.25"]
[Round "6"]
[White "Vigus, James"]
[Black "Richmond, Jane"]
[Result "1/2-1/2"]
[WhiteElo "2260"]
[BlackElo "2175"]

1.d4 Nf6 2.Bg5 c5 3.Bxf6 gxf6 4.d5 d6 5.e3 h5 6.h4 Qb6 7.Qc1 Nd7 8.c4 f5
9.Nc3 Bg7 10.Qc2 Ne5 11.Nh3 Qa5 12.Be2 b6 13.Nf4 Ba6 14.Nxh5 Rxh5 15.Bxh5 Bxc4
16.Be2 Bxd5 17.O-O Bc6 18.a3 c4 19.Qxf5 Nf3+ 20.Bxf3 Qxf5 21.Bxc6+ Kf8 22.Bxa8 Bxc3
23.bxc3 d5 24.Rad1 e6 25.e4 Qxe4 26.Bc6 Qxh4 27.Ba4 Qe7 28.Ra1 Qf6 29.Rfc1 Qe5
30.g3 Qe2 31.Bd1 Qd2 32.a4 Ke7 33.Kg2 Kd6 34.Rc2 Qd3 35.Rac1 Kc5 36.Bh5 Qe4+
37.Bf3 Qd3 38.Rb2 a6 39.g4 Kc6 40.Rb4 Kc5 41.Rb2 Kc6 42.Rcb1 b5 43.axb5+ axb5
44.Rxb5 Qxc3 45.Rb6+ Kc5 46.Rb7 Qd3 47.Rc7+ Kd6 48.Rd1 Qb3 49.Rxf7 c3 50.Re1 c2
51.Rf6 d4 52.Be4 Qc3 53.Rc1 d3 54.Rf3 Qb2 55.Rxd3+ Ke5 56.Rxc2 Qxc2 57.Re3 Qd2
58.Bf5+ Kf4 59.Rxe6 Qd5+ 60.Re4+ Kg5 61.Kg3 Qd3+ 62.f3 Qc3 63.Re7 Qd4 64.Re4  1/2-1/2

[Event "Belgrade-Moscow"]
[Site "Belgrade"]
[Date "1998.01.29"]
[Round "2"]
[White "Machulsky, Anatoly D"]
[Black "Pavlovic, Milos"]
[Result "1-0"]
[WhiteElo "2505"]
[BlackElo "2535"]

1.d4 Nf6 2.Bg5 c5 3.Bxf6 gxf6 4.c3 Qb6 5.Qd2 d5 6.e3 Nc6 7.Nf3 Bf5 8.Be2 e6
9.O-O cxd4 10.cxd4 Bb4 11.Nc3 O-O 12.Rfc1 Na5 13.Nh4 Bg6 14.Nxg6 hxg6 15.Bd3 Rfc8
16.Qe2 Bxc3 17.bxc3 f5 18.Rab1 Qd8 19.g3 Rc7 20.h4 Rac8 21.Qd2 Qe7 22.Rc2 Kg7
23.Kg2 Nc4 24.Bxc4 Rxc4 25.Rb3 b6 26.Qe2 g5 27.hxg5 Qxg5 28.Rc1 Rxd4 29.f4 Qh6
30.Rh1 Qxh1+ 31.Kxh1 Rdc4 32.Kg2 Kf6 33.Qd2 Ke7 34.Kf3  1-0

[Event "Pamplona 9798"]
[Site "Pamplona"]
[Date "1998.01.30"]
[Round "5"]
[White "San Segundo, Pablo"]
[Black "Andersson, Ulf"]
[Result "1/2-1/2"]
[WhiteElo "2495"]
[BlackElo "2640"]

1.d4 Nf6 2.Bg5 d5 3.Bxf6 gxf6 4.e3 c5 5.c4 cxd4 6.exd4 Nc6 7.cxd5 Qxd5 8.Nf3 e5
9.Nc3 Bb4 10.Qd2 Bxc3 11.bxc3 exd4 12.cxd4 Rg8 13.Rc1 Be6 14.Bc4 Qe4+ 15.Qe2 Qxe2+
16.Kxe2 Bxc4+ 17.Rxc4 Rxg2 18.d5 Ne5 19.Nxe5 fxe5 20.Rc7 Rd8 21.Rb1 b6 22.Rxa7 Rg6
23.Rb5 Rgd6 24.Ke3 Rxd5 25.Rxb6 R8d7 26.Rxd7 Kxd7 27.f4  1/2-1/2

[Event "AUT-chT3 9798"]
[Site "Vorarlberg "]
[Date "1998.02.13"]
[Round "8"]
[White "Kalcher, Mathias"]
[Black "Riener, Wolfram"]
[Result "1-0"]
[WhiteElo "1810"]
[BlackElo "1911"]

1.d4 Nf6 2.Bg5 d5 3.c4 c6 4.Bxf6 exf6 5.cxd5 Qxd5 6.Nc3 Qa5 7.e3 Be6 8.a3 a6
9.Bd3 Be7 10.Ne2 Bd6 11.b4 Qg5 12.Ne4 Qxg2 13.Nxd6+ Ke7 14.Rg1 Qxh2 15.Nxb7 Nd7
16.Rxg7 Rhg8 17.Rxh7  1-0

[Event "Malaga op"]
[Site "Malaga"]
[Date "1998.02.18"]
[Round "6"]
[White "Bellon Lopez, Juan Manuel"]
[Black "Kurajica, Bojan"]
[Result "0-1"]
[WhiteElo "2455"]
[BlackElo "2580"]

1.d4 Nf6 2.Bg5 d5 3.e3 Nbd7 4.Bxf6 Nxf6 5.Bd3 g6 6.f4 c5 7.Bb5+ Bd7 8.Bxd7+ Qxd7
9.Qe2 cxd4 10.exd4 Bh6 11.g3 O-O 12.Nf3 Rac8 13.c3 Qh3 14.Nbd2 b5 15.a3 a5
16.Qxb5 Rb8 17.Qf1 Qf5 18.O-O-O Rb6 19.Nb1 Ne4 20.Rg1 Rfb8 21.Rg2 Nd6 22.Ne5 f6
23.Nd3 Ne4 24.Re1 e5 25.dxe5 fxe5  0-1

[Event "Cappelle op"]
[Site "Cappelle la Grande"]
[Date "1998.02.28"]
[Round "9"]
[White "Fries Nielsen, Jens Ove"]
[Black "Saltaev, Mihail"]
[Result "1/2-1/2"]
[WhiteElo "2395"]
[BlackElo "2510"]

1.d4 Nf6 2.Bg5 g6 3.Bxf6 exf6 4.e3 Bg7 5.c4 O-O 6.Nc3 d6 7.Nge2 Re8 8.g3 Nd7
9.Bg2 f5 10.b4 Nf6 11.b5 Ne4 12.Qc2 Nxc3 13.Qxc3 g5 14.h4 h6 15.hxg5 hxg5
16.a4 Qf6 17.Kd2 a6 18.f4 g4 19.Rhb1 a5 20.Rh1 Qe7 21.Ra3 Ra7 22.Qd3 Bd7
23.Rb3 c6 24.bxc6 bxc6 25.Rhb1 Rc7 26.Nc3 Bf6 27.Rb8 Kg7 28.Rxe8 Qxe8 29.Rb6 Qh8
30.Ke2 Rc8 31.Rb7 Be6 32.Kf2 Kg6 33.Ne2 Qe8 34.Qc2 c5 35.d5 Bd7 36.Nc3 Rb8
37.Rxb8 Qxb8 38.Nb5 Qf8 39.Bf1 Be7 40.Qd2 Bd8 41.Qc3 Kh7 42.Kg1 Qh6 43.Qb2 Kg8
44.Bd3 Be7 45.Qc2 Qf6 46.Qc3 Qxc3 47.Nxc3 Kf8 48.Bc2 Bf6 49.Ne2 Bb2 50.Kf2 Ke7
51.Bb3 Bc8 52.Kf1 Ba6 53.Kf2  1/2-1/2

[Event "Golden Cleopatra"]
[Site "Cairo"]
[Date "1998.03.11"]
[Round "1"]
[White "Afifi, Assem"]
[Black "Ghitescu, Theodor"]
[Result "1/2-1/2"]
[WhiteElo "2345"]
[BlackElo "2355"]

1.d4 Nf6 2.Bg5 d5 3.Nc3 Bf5 4.f3 c6 5.Qd2 Nbd7 6.g4 Bg6 7.Bf4 e6 8.h4 h6
9.h5 Bh7 10.e3 Bb4 11.Bd3 Qa5 12.Nge2 b5 13.O-O Be7 14.a3 Qb6 15.Kg2 Bxd3
16.Qxd3 a6 17.e4 dxe4 18.Nxe4 c5 19.Nxf6+ Nxf6 20.Rad1 Rd8 21.dxc5 Qxc5 22.Qc3 O-O
23.Be3 Qxc3 24.Nxc3 Rc8 25.Bd4 Rfd8 26.Rf2 Nd5 27.Nxd5 Rxd5 28.Rdd2 Bh4 29.Rfe2 Bg5
30.Rd3 Rcd8 31.Be3 Rxd3 32.cxd3 Rxd3 33.Bxg5 hxg5 34.Rc2 f5 35.gxf5 exf5
36.Rc6 Rb3 37.Rxa6 Rxb2+ 38.Kg3 Rb3 39.Kg2 Rb2+ 40.Kg3 Kh7 41.Rb6 Rb3 42.Kg2 g4
43.fxg4 fxg4 44.Rg6 Rxa3 45.Rxg4 Rc3 46.Rg5 b4 47.Rb5 b3 48.Rb6 Kg8 49.Rb7 Kf8
50.Kh2 Rc2+ 51.Kg3 b2 52.Kg4 Ke8 53.Kf5 Kd8 54.Kg6 Rg2+ 55.Kf7 Kc8 56.Rb3 Kd7
57.Rb7+ Kd6 58.Rb8 Kd5 59.Rb5+ Kc4 60.Rxb2 Rxb2 61.Kxg7 Rg2+ 62.Kf6 Rh2 63.Kg6 Kd5
64.h6 Ke6 65.Kg7 Rg2+ 66.Kf8 Rf2+ 67.Kg8 Kf6 68.h7 Rg2+ 69.Kf8  1/2-1/2

[Event "BCF-chT 97/98 (4NCL)"]
[Site "GBR"]
[Date "1998.03.21"]
[Round "7"]
[White "Dishman, Stephen"]
[Black "Anderton, Matthew"]
[Result "1-0"]
[WhiteElo "2325"]
[BlackElo "2260"]

1.d4 Nf6 2.Bg5 c5 3.dxc5 e6 4.Nd2 Bxc5 5.e3 d5 6.Ngf3 Nc6 7.Bd3 e5 8.e4 Bg4
9.Bxf6 gxf6 10.h3 Bh5 11.c3 Rg8 12.g4 Bg6 13.Qe2 Qb6 14.b4 dxe4 15.Bxe4 Be7
16.Nh4 O-O-O 17.Nf5 Rd7 18.Nc4 Qc7 19.O-O h5 20.Rfd1 hxg4 21.hxg4 Rgd8 22.Nce3 Rxd1+
23.Rxd1 Kb8 24.Nd5 Qd7 25.b5 Na5 26.Nfxe7 Bxe4 27.Qxe4 Qxb5 28.Rb1 Qc5 29.a4 Rd7
30.Rb5  1-0

[Event "FRA-chT"]
[Site "FRA"]
[Date "1998.04.02"]
[Round "4"]
[White "Neiman, Emmanuel"]
[Black "Tissir, Mohamed"]
[Result "1-0"]
[WhiteElo "2305"]
[BlackElo "2300"]

1.d4 Nf6 2.Bg5 d5 3.Bxf6 exf6 4.e3 Bd6 5.Bd3 Nc6 6.a3 Ne7 7.Nd2 c6 8.Qh5 Be6
9.Ne2 Qd7 10.h3 O-O-O 11.O-O f5 12.Nf4 g6 13.Qh6 Rdg8 14.Nxe6 fxe6 15.f4 g5
16.fxg5 Rg6 17.Qh5 h6 18.h4 Qe8 19.Qe2 hxg5 20.hxg5 Rxg5 21.Rf4 Qg6 22.Nf3 Rgh5
23.Kf2 Rg8 24.g4 Rh3 25.Rg1 Qf7 26.Ke1 Bxf4 27.exf4 fxg4 28.Ng5 Rxg5 29.fxg5 Nf5
30.Qxg4 Rh4 31.Qf3 Rxd4 32.g6 Qg7 33.Bxf5 Qe5+ 34.Qe2 Qxf5 35.g7  1-0

[Event "FRA-chT"]
[Site "FRA"]
[Date "1998.04.04"]
[Round "6"]
[White "Neiman, Emmanuel"]
[Black "Marchand, Francois"]
[Result "1-0"]
[WhiteElo "2305"]
[BlackElo "2305"]

1.d4 Nf6 2.Bg5 d5 3.Bxf6 gxf6 4.c4 e5 5.cxd5 Qxd5 6.e3 Bb4+ 7.Nc3 c5 8.Qa4+ Nc6
9.Qxb4 Nxb4 10.Nxd5 Nxd5 11.dxc5 Be6 12.Rc1 O-O 13.Nf3 Rfc8 14.a3 b6 15.c6 a6
16.Bd3 Ne7 17.Ke2 Bd5 18.Nd2 Rxc6 19.Rxc6 Bxc6 20.Rc1 Rc8 21.Rc4 f5 22.Rh4 b5
23.Rh5 Bd7 24.g4 e4 25.Bb1 Rc1 26.Rg5+ Kf8 27.gxf5 Bxf5 28.Bxe4 Bxe4 29.Nxe4 Rc2+
30.Kf3 Rxb2 31.Nf6 h6 32.Nh7+ Ke8 33.Nf6+ Kf8 34.Nh7+ Ke8 35.Rh5 Ng8 36.Rc5 Kd7
37.Rd5+ Kc7 38.Rf5 f6 39.Nxf6 Nxf6 40.Rxf6 a5 41.Rxh6 Ra2 42.Rg6 Rxa3 43.Rg1 Rd3
44.h4 b4 45.h5 Kb6 46.h6 Rd8 47.Ke2 a4 48.Rd1 Rh8 49.Rh1 Kb5 50.Kd2 a3 51.Kc2 Kc4
52.h7 b3+ 53.Kb1 Kb4 54.e4 Kc3 55.Rh3+ Kd4 56.f3 Kc5 57.Rh5+ Kc4 58.e5 Ra8
59.Rh4+  1-0

[Event "Frohnleiten"]
[Site "Frohnleiten"]
[Date "1998.04.05"]
[Round "3"]
[White "Detter, Peter"]
[Black "Ebner, Hubert"]
[Result "0-1"]
[WhiteElo "2190"]
[BlackElo "2300"]

1.d4 Nf6 2.Bg5 c5 3.Bxf6 gxf6 4.d5 Qb6 5.Qc1 f5 6.g3 Bg7 7.c3 d6 8.e3 Nd7
9.Nh3 Ne5 10.Nd2 h5 11.Nf4 h4 12.Bg2 Bd7 13.Qc2 Qa6 14.Nf3 h3 15.Nxh3 Nxf3+
16.Bxf3 Rxh3 17.Be2 Qa4 18.Qd2 O-O-O 19.Bf1 Rh6 20.h4 f4 21.gxf4 Rdh8 22.Rg1 Bf6
23.Bd3 Rxh4 24.Bc2 Qc4 25.Bb3 Qe4 26.Bc2 Qf3 27.Bd1 Rh1 28.Bxf3 Rxg1+  0-1

[Event "Budapest FS04 IM"]
[Site "Budapest"]
[Date "1998.04.06"]
[Round "3"]
[White "Mensch, Etienne"]
[Black "Senff, Martin"]
[Result "0-1"]
[WhiteElo "2225"]
[BlackElo "2430"]

1.d4 Nf6 2.Bg5 d5 3.Bxf6 exf6 4.e3 Bd6 5.c4 c6 6.Nc3 Be6 7.Qb3 dxc4 8.Bxc4 Bxc4
9.Qxc4 O-O 10.Nf3 Nd7 11.O-O f5 12.Rfe1 Nf6 13.b4 b5 14.Qb3 Qe7 15.a3 a5
16.bxa5 Rxa5 17.d5 Rfa8 18.dxc6 b4 19.Ne2 bxa3 20.Ned4 Ne4 21.Rec1 Bc7 22.Qd3 Qd6
23.g3 g6 24.Nd2 Nxd2 25.Qxd2 Rb8 26.Qd3 h5 27.h4 Rb2 28.Qc3 Ra4 29.Qe1 Qd5
30.Rd1 Qe4 31.Qf1 Bxg3 32.Ne2 Bc7 33.Rd4 Rxd4 34.Nxd4 Qe5 35.Qg2 a2  0-1

[Event "Dreifluesse op"]
[Site "Passau"]
[Date "1998.04.11"]
[Round "4"]
[White "Grimm, Sven"]
[Black "Tseitlin, Mikhail S"]
[Result "0-1"]
[WhiteElo "2205"]
[BlackElo "2445"]

1.d4 Nf6 2.Bg5 c5 3.Nc3 cxd4 4.Qxd4 Nc6 5.Qh4 b5 6.e4 a6 7.Nf3 d6 8.Be2 e6
9.Bxf6 Qxf6 10.Qxf6 gxf6 11.O-O-O Bb7 12.Nd4 Rc8 13.Nxc6 Bxc6 14.a4 Rg8 15.Rhg1 bxa4
16.Bxa6 Rb8 17.Rd4 Rg5 18.Bd3 Rc5 19.Rc4 Bh6+ 20.Kb1 Rxc4 21.Bxc4 Bd2 22.Ka2 Bxc3
23.bxc3 Bxe4 24.Bd3 Bxd3 25.cxd3 Rb3 26.Rc1 d5 27.d4 f5 28.g3 h5 29.h4 Ke7
30.c4 dxc4 31.Rxc4 Rf3  0-1

[Event "Dreifluesse op"]
[Site "Passau"]
[Date "1998.04.12"]
[Round "5"]
[White "Ennsberger, Ulrich"]
[Black "Troyke, Christian"]
[Result "0-1"]
[WhiteElo "2220"]
[BlackElo "2400"]

1.d4 Nf6 2.Bg5 d5 3.Bxf6 gxf6 4.c4 dxc4 5.e4 Rg8 6.Nc3 c6 7.Bxc4 Rxg2 8.Nge2 b5
9.Bb3 b4 10.Na4 Qd6 11.Ng3 Qf4 12.Qc2 Bh6 13.Bc4 Qf3 14.Nf5 Rg4  0-1

[Event "Dreifluesse op"]
[Site "Passau"]
[Date "1998.04.12"]
[Round "6"]
[White "Grimm, Sven"]
[Black "Sermek, Drazen"]
[Result "0-1"]
[WhiteElo "2205"]
[BlackElo "2510"]

1.d4 Nf6 2.Bg5 c5 3.d5 Qb6 4.Nc3 Qxb2 5.Bd2 Qb6 6.e4 d6 7.f4 Bg4 8.Nf3 Nbd7
9.Rb1 Qc7 10.h3 Bxf3 11.Qxf3 g6 12.Bc4 Bg7 13.O-O O-O 14.a4 Nb6 15.Bb5 a6
16.Be2 Nfd7 17.Kh1 Rab8 18.Rb3 c4 19.Rb4 a5 20.Rb5 Nc5 21.Rfb1 Nbd7 22.g4 b6
23.g5 f5 24.exf5 Rxf5 25.Qe3 Rbf8 26.Qxe7 R5f7 27.Qe3 Rxf4 28.Bg4 Ne5 29.Qg3 Rf2
30.Be3 Nxg4 31.Bxc5 Rh2+ 32.Kg1 Qxc5+  0-1

[Event "GRE-chT"]
[Site "Poros"]
[Date "1998.04.21"]
[Round "3"]
[White "Papadopoulou, Triantafilia"]
[Black "Kouvatsou, Maria"]
[Result "1/2-1/2"]
[WhiteElo "2145"]
[BlackElo "2135"]

1.d4 Nf6 2.Bg5 c5 3.Bxf6 gxf6 4.dxc5 Na6 5.c3 Nxc5 6.Nd2 f5 7.g3 Bg7 8.Ngf3 d6
9.Qc2 Bd7 10.Nd4 Bxd4 11.cxd4 Ne4 12.Nxe4 fxe4 13.Bg2 Qa5+ 14.Qd2 Qxd2+ 15.Kxd2 Bc6
16.Ke3 f5 17.Rhf1 Rc8 18.f3 exf3 19.Bxf3 Bxf3 20.Rxf3 Rc2 21.Rb1 Rf8 22.Kd3 Rc7
23.Rbf1 e6 24.d5 Rc5 25.dxe6 Ke7 26.Rf4 Kxe6 27.e4  1/2-1/2

[Event "FRA-chT"]
[Site "FRA"]
[Date "1998.05.08"]
[Round "8"]
[White "Bellon Lopez, Juan Manuel"]
[Black "Neuillet, Alexandre"]
[Result "1/2-1/2"]
[WhiteElo "2455"]
[BlackElo "2245"]

1.d4 d5 2.Bg5 Nf6 3.Nd2 Nbd7 4.Ngf3 c5 5.e3 Qb6 6.Rb1 Ne4 7.h4 cxd4 8.exd4 e5
9.Nxe4 dxe4 10.Nxe5 Nxe5 11.dxe5 Be6 12.Qe2 Bb4+ 13.Bd2 Bxd2+ 14.Qxd2 O-O
15.c4 Rad8 16.Qc3 e3 17.Qxe3 Rd4 18.Be2 Bf5 19.Rd1 Rxd1+ 20.Bxd1 Qxb2 21.O-O Qxa2
22.c5 Qc4 23.Bf3 b6 24.cxb6 axb6 25.h5 b5 26.Rc1 Qh4 27.g3 Qe7 28.Qf4 Rc8
29.Rd1 Be6 30.Rd6 h6 31.Rb6 Qc5 32.Rb7 Bd5 33.Rd7 Be6 34.Rb7 Bd5 35.Rd7 Be6  1/2-1/2

[Event "Budapest FS05 IM"]
[Site "Budapest"]
[Date "1998.05.09"]
[Round "8"]
[White "Dudas, Janos"]
[Black "Goczo, Melinda"]
[Result "1-0"]
[WhiteElo "2405"]
[BlackElo "2170"]

1.d4 Nf6 2.Bg5 g6 3.Nc3 d5 4.f3 Bg7 5.e4 dxe4 6.fxe4 c6 7.Nf3 Qa5 8.Qd2 Nbd7
9.O-O-O h6 10.Bf4 a6 11.Kb1 g5 12.Bg3 Nh5 13.Bf2 b5 14.h4 g4 15.Ne1 Bb7 16.Bd3 O-O-O
17.Nd5 Qxd2 18.Nxe7+ Kc7 19.Rxd2 Nb6 20.Nf5 Bc8 21.Nxg7 Nxg7 22.Bg3+ Kb7
23.Be5 Rhg8 24.Rf2 Be6 25.c3 h5 26.Bc2 Ne8 27.Nd3 Nc4 28.Bf4 Kb6 29.Bg5 Ra8
30.Nc5 Nc7 31.Bc1 Raf8 32.b3 Nd6 33.Be3 Nce8 34.d5  1-0

[Event "FRA-chT"]
[Site "FRA"]
[Date "1998.05.11"]
[Round "11"]
[White "Bricard, Emmanuel"]
[Black "Marchand, Francois"]
[Result "1-0"]
[WhiteElo "2450"]
[BlackElo "2305"]

1.d4 Nf6 2.Bg5 d5 3.Nd2 e6 4.e3 Be7 5.Bd3 Nbd7 6.f4 b6 7.Ngf3 Bb7 8.Ne5 Nxe5
9.fxe5 Ne4 10.Bxe7 Qxe7 11.Bxe4 dxe4 12.Qg4 f5 13.exf6 gxf6 14.O-O-O O-O-O
15.Qf4 Rhg8 16.Rhg1 f5 17.Nc4 Rg4 18.Qf2 Rdg8 19.Ne5 R4g7 20.Qe2 Qh4 21.g3 Qh3
22.Rdf1 h5 23.Rf4 h4 24.g4 fxg4 25.Rgxg4 Rxg4 26.Nxg4 Kb8 27.b3 Bc8 28.Kb2 a5
29.Ne5 Rg2 30.Qc4 Rg7 31.Qc3 Qxh2 32.Rf8 Qg2 33.Qc6 Rg8 34.Nd7+ Ka7 35.Qxc7+  1-0

[Event "Presidents Cup"]
[Site "Elista"]
[Date "1998.05.12"]
[Round "2.6"]
[White "Aleksandrov, Aleksej"]
[Black "Khalifman, Alexander"]
[Result "0-1"]
[WhiteElo "2615"]
[BlackElo "2660"]

1.d4 Nf6 2.Bg5 d5 3.Bxf6 gxf6 4.Nc3 e6 5.e3 c5 6.Nge2 Nc6 7.g3 cxd4 8.exd4 Qb6
9.Rb1 f5 10.Bg2 Bg7 11.Na4 Qc7 12.O-O b5 13.Nac3 Rb8 14.Qd2 O-O 15.a3 b4
16.axb4 Rxb4 17.Nd1 Ba6 18.c3 Bxe2 19.Qxe2 Rb3 20.f4 Rfb8 21.g4 Ne7 22.gxf5 Nxf5
23.Bh3 Nxd4 24.cxd4 Rxh3 25.f5 Qc4 26.Qxc4 dxc4 27.f6 Bh6 28.Ra1 Rd3 29.Rxa7 Rxd4
30.Nc3 Rf4 31.Rc7 Rxf1+ 32.Kxf1 Bc1 33.Rxc4 Bxb2 34.Ne4 h6 35.h4 Rb5 36.Ke2 Rf5
37.Rc8+ Kh7 38.Rc7 Bxf6 39.Rxf7+ Kg6 40.Rd7 Bxh4  0-1

[Event "Capablanca mem 33th Premier"]
[Site "Havana"]
[Date "1998.05.13"]
[Round "6"]
[White "Teske, Henrik"]
[Black "Vazquez, Renier"]
[Result "1-0"]
[WhiteElo "2475"]
[BlackElo "2405"]

1.d4 Nf6 2.Bg5 c5 3.Bxf6 gxf6 4.dxc5 Qa5+ 5.Nd2 Nc6 6.Nf3 Qxc5 7.g3 f5 8.Bg2 Bg7
9.c3 O-O 10.O-O d6 11.Qc2 Bd7 12.Rfd1 Rac8 13.Nb3 Qb5 14.Nfd4 Nxd4 15.Nxd4 Qc5
16.Qd3 b5 17.e3 b4 18.cxb4 Qxb4 19.Nxf5 Bxf5 20.Qxf5 e6 21.Qd3 Qxb2 22.Qxd6 Rc2
23.Qf4 Qf6 24.Be4 Qxf4 25.gxf4 Rc4 26.Bd3 Ra4 27.Rab1 Rxa2 28.f5 exf5 29.Bxf5 a5
30.Rb7 Ra1 31.Bc2 Rxd1+ 32.Bxd1 f5 33.f4 Bc3 34.Kf2 Re8 35.Ba4 Rf8 36.Bc2 Rf6
37.h3 h6 38.Kf3 Bd2 39.h4 Kh8 40.Ke2 Bc3 41.h5 Ra6 42.Bd3 Ra8 43.Bxf5 a4
44.Rh7+ Kg8 45.Rxh6 a3 46.Be6+ Kf8 47.Ba2 Rd8 48.Rc6 Rd2+ 49.Kf3 Bb4 50.h6 Rh2
51.Rc8+ Ke7 52.h7  1-0

[Event "Toronto op"]
[Site "Toronto"]
[Date "1998.05.14"]
[Round "1"]
[White "Calton, Bill J"]
[Black "Kapetanovic, Armin"]
[Result "1/2-1/2"]
[WhiteElo "2270"]
[BlackElo "2465"]

1.d4 Nf6 2.Bg5 d5 3.Bxf6 exf6 4.e3 Nc6 5.a3 Be6 6.Bd3 Bd6 7.Ne2 O-O 8.Nd2 Ne7
9.c4 c6 10.O-O Qb8 11.h3 Rd8 12.Qc2 g6 13.Nc3 Qc8 14.Rfe1 Bxh3 15.gxh3 Qxh3
16.Nf1 Qg4+ 17.Kh1 Qh3+ 18.Kg1 Qg4+ 19.Kh1  1/2-1/2

[Event "Toronto op"]
[Site "Toronto"]
[Date "1998.05.17"]
[Round "6"]
[White "Kreitner, Ilan"]
[Black "Dutton, Warren Richard"]
[Result "1/2-1/2"]
[WhiteElo "2170"]
[BlackElo "2120"]

1.d4 Nf6 2.Bg5 c5 3.Bxf6 gxf6 4.d5 d6 5.e4 f5 6.Bd3 Bg7 7.c3 fxe4 8.Bxe4 O-O
9.h4 f5 10.Bc2 Qb6 11.b3 Na6 12.Ne2 Nb4 13.Nf4 Nxc2+ 14.Qxc2 Be5 15.g3 Bd7
16.Nd2 Qa5 17.Rc1 b5 18.Kf1 Qa6 19.Rd1 Rac8 20.Nf3 Bxc3 21.Kg2 b4 22.Ng5 Be5
23.Nfe6 Rf6 24.g4 Bxe6 25.Nxe6 fxg4 26.Ng5 Rg6 27.Nxh7 Rg7 28.Ng5 Rf8 29.Ne6 Qc8
30.h5 Rf6 31.Nxg7 Kxg7 32.h6+ Kh8 33.Rh5 Qf8 34.Rg5 Rxh6 35.Qf5 Qxf5 36.Rxf5 Kg7
37.Rh1 Rxh1 38.Kxh1 Kg6 39.Rf8 Bf6 40.Kg2 Kf5 41.Kg3 a5 42.Ra8 Be5+ 43.Kh4 Bd4
44.Rf8+ Bf6+ 45.Kg3 Ke4 46.Kxg4 Kxd5 47.Ra8 c4 48.Rxa5+ Kd4 49.bxc4 Kxc4
50.Kf3 Bd4 51.Ke2 e5 52.f3 Kc3 53.Ra8 Bc5 54.Ra6 Kc2 55.Ra5 Kc3 56.Ra6 Kc4
57.Kd2 d5 58.Rc6 Kd4 59.Rh6 Be7 60.Rh1 Bg5+ 61.Ke2 Bf4 62.Rb1 Kc4 63.Rb3  1/2-1/2

[Event "BCF-chT 97/98 (4NCL)"]
[Site "GBR"]
[Date "1998.05.24"]
[Round "10"]
[White "Povah, Nigel E"]
[Black "Kosten, Anthony C"]
[Result "0-1"]
[WhiteElo "2335"]
[BlackElo "2535"]

1.d4 Nf6 2.Bg5 g6 3.Bxf6 exf6 4.c4 Bg7 5.e3 f5 6.g3 O-O 7.Bg2 c5 8.Ne2 Nc6
9.Nbc3 cxd4 10.exd4 Qb6 11.c5 Qxb2 12.Rb1 Qa3 13.Rb3 Qa5 14.O-O d6 15.d5 Ne5
16.cxd6 Qd8 17.Qc1 a6 18.Rd1 Qxd6 19.a4 Rb8 20.Qb1 h5 21.h3 Nc4 22.Rb4 Qc5
23.Rc1 Nd2 24.Qb2 Re8 25.Nf4 Bxc3 26.Rxc3 Re1+ 27.Kh2 Qxf2 28.h4 Rb1 29.Qa3 Qg1+
30.Kh3 Nf1  0-1